| 000 | 00721nam a22002057a 4500 | ||
|---|---|---|---|
| 003 | NUST-PNEC | ||
| 005 | 20170116180728.0 | ||
| 008 | 141108b xxu||||| |||| 00| 0 eng d | ||
| 020 | _a0091823404 | ||
| 040 | _cPNEC | ||
| 082 | _a004.21019 BAR | ||
| 100 |
_9948 _aBarker, Philip |
||
| 245 |
_aBasic principles of human-computer interface design _cPhilip Barker |
||
| 260 |
_aLondon : _bHutchinson Education, _cc1989. |
||
| 300 |
_axii, 229 pages : _billustrations ; _c 24 cm. |
||
| 500 | _aIncludes Index | ||
| 650 | _xComputer, MIS | ||
| 856 | _uhttp://www.amazon.com/Basic-Principles-Computer-Interface-Design/dp/0091823404/ref=sr_1_1?s=books&ie=UTF8&qid=1415436221&sr=1-1&keywords=0091823404 | ||
| 942 |
_2ddc _cBK |
||
| 999 |
_c61680 _d61680 |
||